书目信息 |
| 题名: |
持久性有机污染物的内分泌干扰效应
|
|
| 作者: | 周炳升 , 杨丽华 , 刘春生 著 | |
| 分册: | ||
| 出版信息: | 北京 科学出版社 2018.06 |
|
| 页数: | 419页 | |
| 开本: | 25cm | |
| 丛书名: | 持久性有机污染物POPs研究系列专著 | |
| 单 册: | ||
| 中图分类: | X5 | |
| 科图分类: | ||
| 主题词: | 持久性--chi jiu xing--有机污染物--研究 | |
| 电子资源: | ||
| ISBN: | 978-7-03-057808-2 | |
| 000 | 01371nam 2200301 450 | |
| 001 | 0100010155 | |
| 005 | 20190905093951.0 | |
| 010 | @a978-7-03-057808-2@b精装@dCNY168.00 | |
| 100 | @a20190831d2018 em y0chiy50 ea | |
| 101 | 0 | @achi |
| 102 | @aCN@b110000 | |
| 105 | @aa a 000yy | |
| 106 | @ar | |
| 200 | 1 | @a持久性有机污染物的内分泌干扰效应@Achi jiu xing you ji wu ran wu de nei fen mi gan rao xiao ying@f周炳升, 杨丽华, 刘春生等著 |
| 210 | @a北京@c科学出版社@d2018.06 | |
| 215 | @a419页@c图@d25cm | |
| 225 | 2 | @a持久性有机污染物POPs研究系列专著@Achi jiu xing you ji wu ran wu POPs yan jiu xi lie zhuan zhu |
| 300 | @a国家出版基金项目 “十二五”国家重点出版物出版规划项目 | |
| 320 | @a有书目 | |
| 330 | @a本书首先简要介绍了持久性有机污染物的基本特征以及近年来国内外备受关注的新型有机污染物, 选择了全氟代化合物 (PFCs) 、多溴二苯醚 (PBDEs) 、四溴双酚A (TBBPA) 、五氯酚 (PCP) 、双酚A (BPA) 等典型有机污染物, 较为详细地阐述了其对离体细胞和动物的内分泌干扰效应, 特别是干扰甲状腺和生殖内分泌系统的作用机制, 以及可能对人类健康的潜在危害。 | |
| 410 | 0 | @12001 @a持久性有机污染物POPs研究系列专著 |
| 606 | 0 | @a持久性@Achi jiu xing@x有机污染物@x研究 |
| 690 | @aX5@v5 | |
| 701 | 0 | @a周炳升@Azhou bing sheng@4著 |
| 701 | 0 | @a杨丽华@Ayang li hua@4著 |
| 701 | 0 | @a刘春生@Aliu chun sheng@4著 |
| 801 | 0 | @aCN@c20190905 |
| 905 | @a河南城建学院图书馆@dX5@eZ756 | |
| 持久性有机污染物的内分泌干扰效应/周炳升, 杨丽华, 刘春生等著.-北京:科学出版社,2018.06 |
| 419页:图;25cm.-(持久性有机污染物POPs研究系列专著) |
| 国家出版基金项目 “十二五”国家重点出版物出版规划项目 |
| ISBN 978-7-03-057808-2(精装):CNY168.00 |
| 本书首先简要介绍了持久性有机污染物的基本特征以及近年来国内外备受关注的新型有机污染物, 选择了全氟代化合物 (PFCs) 、多溴二苯醚 (PBDEs) 、四溴双酚A (TBBPA) 、五氯酚 (PCP) 、双酚A (BPA) 等典型有机污染物, 较为详细地阐述了其对离体细胞和动物的内分泌干扰效应, 特别是干扰甲状腺和生殖内分泌系统的作用机制, 以及可能对人类健康的潜在危害。 |
| ● |
| 相关链接 |
|
|
|
正题名:持久性有机污染物的内分泌干扰效应
索取号:X5/Z756
 
预约/预借
| 序号 | 登录号 | 条形码 | 馆藏地/架位号 | 状态 | 备注 |
| 1 | 1437650 | 214376502 | 自科库501/501自科库 98排1列2层/ [索取号:X5/Z756] | 在馆 |